ELECTIRC AND HYBRID VECHICLES (Record no. 780203)

MARC details
000 -LEADER
fixed length control field 00459pam a2200169a 44500
008 - FIXED-LENGTH DATA ELEMENTS--GENERAL INFORMATION
fixed length control field 230405s2020 xxu||||| |||| 00| 0 eng d
041 ## - LANGUAGE CODE
Language code of text/sound track or separate title ENG
100 ## - MAIN ENTRY--PERSONAL NAME
Personal name DENTON TOM
245 ## - TITLE STATEMENT
Title ELECTIRC AND HYBRID VECHICLES
250 ## - EDITION STATEMENT
Edition statement 1ST 2016 . . Ed.
260 ## - PUBLICATION, DISTRIBUTION, ETC.
Place of publication, distribution, etc. NEW YARK
Name of publisher, distributor, etc. BRITISH LIBRARY CATALOGUING IN PUB DATA 711, 3RD AVENUE N YARK 10017
Date of publication, distribution, etc. 2020
300 ## - PHYSICAL DESCRIPTION
Extent 1-197p.
440 ## - SERIES STATEMENT/ADDED ENTRY--TITLE
Title 3026.00
650 ## - SUBJECT ADDED ENTRY--TOPICAL TERM
Topical term or geographic name entry element ELECTRIC TRACTION
690 ## - LOCAL SUBJECT ADDED ENTRY--TOPICAL TERM (OCLC, RLIN)
Topical term or geographic name as entry element ME
906 ## - LOCAL DATA ELEMENT F, LDF (RLIN)
a 1934
Holdings
Withdrawn status Lost status Damaged status Not for loan Collection Home library Current library Date acquired Total Checkouts Full call number Barcode Date last seen Price effective from Koha item type
          Institute of Technology(Poly), Kolhapur Institute of Technology(Poly), Kolhapur 09/01/2020   629.22/DEN ITK-9562 26/07/2023 26/07/2023 Book